[Event "Principal 2021/2022"]
[Site "Vitrolles"]
[Date "2021.02.10"]
[Round "1.1"]
[White "Busson, Benoit"]
[Black "Derige Kane, Yan"]
[Result "0-1"]
[WhiteElo "1831"]
[BlackElo "2187"]
[PlyCount "50"]

1. e4 c5 2. c4 Nc6 3. Nc3 g6 4. g3 Bg7 5. Bg2 Nf6 6. Nge2 d6 7. d3 O-O 8. h3 e5
9. O-O Ne8 10. f4 f5 11. Kh2 Bd7 12. Rb1 Nc7 13. Nd5 Nxd5 14. exd5 Nd4 15. Nxd4
cxd4 16. b4 Rc8 17. Qb3 g5 18. fxg5 f4 19. gxf4 exf4 20. h4 h6 21. Qd1 Be5 22.
Be4 f3+ 23. Kh1 Bg4 24. Bxf3 Qd7 25. Bd2 Bh5 0-1

[Event "Principal 2021/2022"]
[Site "Vitrolles"]
[Date "2021.02.10"]
[Round "1.2"]
[White "Baroyan, Davit"]
[Black "Anton, Jose"]
[Result "1-0"]
[WhiteElo "2186"]
[BlackElo "1805"]
[PlyCount "63"]

1. e4 c5 2. Nf3 Nc6 3. Bb5 d6 4. O-O Bd7 5. Re1 Nf6 6. c3 a6 7. Bc4 Bg4 8. d4
cxd4 9. cxd4 Bxf3 10. gxf3 e5 11. d5 Nd4 12. Be3 Be7 13. f4 Nd7 14. fxe5 Nxe5
15. Bxd4 Nxc4 16. Qb3 Rc8 17. Rc1 Ne5 18. Nd2 O-O 19. Bxe5 Rxc1+ 20. Rxc1 dxe5
21. Nf3 Bg5 22. Rc3 Bf4 23. Qxb7 g5 24. Qc7 Qe8 25. d6 g4 26. Nh4 Qa4 27. Qc6
Qxa2 28. d7 Qxb2 29. Nf5 h5 30. Kg2 Bg5 31. h4 Bd8 32. Qh6 1-0

[Event "Principal 2021/2022"]
[Site "Vitrolles"]
[Date "2021.02.10"]
[Round "1.3"]
[White "Grezes, Yves"]
[Black "Rasolo, Loick"]
[Result "0-1"]
[WhiteElo "1882"]
[BlackElo "1957"]
[PlyCount "66"]

1. e4 d6 2. d4 Nf6 3. Nc3 e5 4. f4 exd4 5. Qxd4 Nc6 6. Bb5 Bd7 7. Bxc6 Bxc6 8.
Nf3 d5 9. Ne5 Nxe4 10. Nxe4 dxe4 11. Nxc6 bxc6 12. Qc4 Qd5 13. Qc3 Bc5 14. Qe5+
Qxe5 15. fxe5 Bd4 16. e6 f5 17. c3 Be5 18. O-O Rf8 19. Be3 Ke7 20. Bd4 Kxe6 21.
Rfe1 Rfd8 22. Rac1 a6 23. g4 g6 24. Rc2 Rab8 25. b3 Rd6 26. h4 Bxd4+ 27. cxd4
Rb4 28. gxf5+ gxf5 29. Rd1 Rdxd4 30. Rxd4 Rxd4 31. Rxc6+ Ke5 32. Rxc7 Kf4 33.
Rc2 Kf3 0-1

[Event "Principal 2021/2022"]
[Site "Vitrolles"]
[Date "2021.02.10"]
[Round "1.4"]
[White "Emilbekov, Bektogul"]
[Black "Bouton, Come"]
[Result "0-1"]
[WhiteElo "1779"]
[BlackElo "1892"]
[PlyCount "46"]

1. d4 Nf6 2. Nf3 e6 3. e3 b6 4. Bd3 Bb7 5. O-O Be7 6. Nbd2 d5 7. Ne5 O-O 8. f4
c5 9. c3 Nbd7 10. Qf3 Qc7 11. g4 Ne8 12. Qh3 Ndf6 13. g5 Ne4 14. Nxe4 dxe4 15.
Be2 Nd6 16. Bd2 a5 17. c4 Rfd8 18. Bc3 Ba6 19. Rac1 cxd4 20. exd4 Nxc4 21. Nxc4
Bxc4 22. Bxa5 Rxd4 23. b3 Bc5 0-1

[Event "Principal 2021/2022"]
[Site "Vitrolles"]
[Date "2021.02.10"]
[Round "1.5"]
[White "Urcun, Gael"]
[Black "Bohli, Adam"]
[Result "1-0"]
[WhiteElo "1754"]
[BlackElo "1852"]
[PlyCount "25"]

1. e4 g6 2. d4 Bg7 3. Nc3 c5 4. dxc5 Na6 5. Be3 Qa5 6. Bxa6 bxa6 7. Nge2 Rb8 8.
Rb1 Bxc3+ 9. bxc3 Bb7 10. Bf4 d6 11. cxd6 e5 12. d7+ Kd8 13. Qd6 1-0

[Event "Principal 2021/2022"]
[Site "Vitrolles"]
[Date "2021.02.10"]
[Round "2.1"]
[White "Derige Kane, Yan"]
[Black "Urcun, Gael"]
[Result "1-0"]
[WhiteElo "2193"]
[BlackElo "1778"]
[PlyCount "93"]

1. d4 Nf6 2. Bg5 d5 3. Nd2 c5 4. dxc5 Nc6 5. Ngf3 e5 6. e4 dxe4 7. Bxf6 gxf6 8.
Nxe4 Be7 9. Bc4 Bg4 10. c3 Qxd1+ 11. Rxd1 a5 12. Nd6+ Bxd6 13. Rxd6 Ke7 14. Bd5
Rac8 15. h3 Be6 16. Ke2 Rhd8 17. Bxe6 fxe6 18. Rhd1 a4 19. Nd2 Rxd6 20. cxd6+
Kxd6 21. Ne4+ Ke7 22. Nc5 Rc7 23. Nxa4 Na5 24. b4 Nc4 25. Nc5 b6 26. Na6 Rc8
27. Rd3 Nb2 28. Rg3 Kf7 29. Kd2 f5 30. Kc2 Nc4 31. Rd3 Ke7 32. Kb3 e4 33. Rd4
e3 34. fxe3 Nxe3 35. c4 Nxg2 36. c5 b5 37. a4 bxa4+ 38. Kxa4 f4 39. b5 f3 40.
Rd2 Ne3 41. b6 Rf8 42. b7 Nc4 43. Rf2 Ne5 44. b8=Q Rxb8 45. Nxb8 Nd3 46. c6
Nxf2 47. c7 1-0

[Event "Principal 2021/2022"]
[Site "Vitrolles"]
[Date "2021.02.10"]
[Round "2.2"]
[White "Bouton, Come"]
[Black "Rasolo, Loick"]
[Result "1-0"]
[WhiteElo "1864"]
[BlackElo "1971"]
[PlyCount "143"]

1. e4 c5 2. Nf3 Nc6 3. d4 cxd4 4. Nxd4 g6 5. Nc3 Bg7 6. Be3 Nf6 7. Bc4 O-O 8.
Bb3 Ng4 9. Qxg4 Nxd4 10. Qd1 e5 11. g4 Qh4 12. Nd5 d6 13. h3 h5 14. Rg1 Qxh3
15. Bxd4 Qh2 16. Rf1 exd4 17. gxh5 Bh3 18. Qd3 Bxf1 19. Qxf1 Qxh5 20. Bc4 Rae8
21. f3 b5 22. Bb3 Qh4+ 23. Qf2 Qh1+ 24. Qf1 Qxf1+ 25. Kxf1 a5 26. a4 b4 27. Ke2
Re5 28. Rh1 Rfe8 29. Nf4 Kf8 30. Nd3 Rh5 31. Rxh5 gxh5 32. Nf4 h4 33. Kf2 Bf6
34. Kg2 Re5 35. Kh3 Kg7 36. Nd3 Rh5 37. f4 Rh6 38. Nc1 Rg6 39. Ne2 Kf8 40. Bc4
d3 41. Bxd3 Bxb2 42. Kxh4 Rh6+ 43. Kg3 Rh1 44. Bc4 Rd1 45. Kf3 Rd2 46. Bb3 Ke7
47. Ke3 Rd1 48. Ng3 Bc1+ 49. Kf3 f6 50. Nf5+ Kd7 51. Ng3 Kc6 52. Nh5 Kc5 53.
Ng3 Rg1 54. Bd5 f5 55. Bb3 fxe4+ 56. Nxe4+ Kd4 57. Ng3 Re1 58. Kf2 Bd2 59. f5
Rb1 60. f6 Be1+ 61. Kg2 Bxg3 62. f7 Kc3 63. f8=Q Rxb3 64. cxb3 Kxb3 65. Kxg3
Ka2 66. Qf2+ Ka3 67. Qd2 Kxa4 68. Qxd6 Kb3 69. Qd5+ Ka4 70. Qa2+ Kb5 71. Kf3 a4
72. Qd5+ 1-0

[Event "Principal 2021/2022"]
[Site "Vitrolles"]
[Date "2021.02.10"]
[Round "2.3"]
[White "Emilbekov, Bektogul"]
[Black "Baroyan, Davit"]
[Result "1/2-1/2"]
[WhiteElo "1774"]
[BlackElo "2186"]
[PlyCount "52"]

1. d4 Nf6 2. Nf3 c5 3. e3 e6 4. Bd3 Nc6 5. O-O b6 6. c3 Bb7 7. Nbd2 Be7 8. e4
cxd4 9. cxd4 Nb4 10. Bb1 Ba6 11. Re1 Rc8 12. Nf1 Qc7 13. Ne3 d5 14. a3 Nc6 15.
exd5 exd5 16. Nf5 O-O 17. Nxe7+ Nxe7 18. Bg5 Qd6 19. Ne5 Rfe8 20. Qf3 Nc6 21.
Qf4 h6 22. Bxh6 Nxe5 23. dxe5 Nh5 24. Bh7+ Kxh7 25. exd6 Nxf4 26. Bxf4 Kg6
1/2-1/2

[Event "Principal 2021/2022"]
[Site "Vitrolles"]
[Date "2021.02.10"]
[Round "2.4"]
[White "Bohli, Adam"]
[Black "Grezes, Yves"]
[Result "1/2-1/2"]
[WhiteElo "1839"]
[BlackElo "1876"]
[PlyCount "88"]

1. d4 f5 2. c4 Nf6 3. Nf3 g6 4. Nc3 Bg7 5. h4 d6 6. Bf4 c6 7. e3 O-O 8. Be2 a5
9. Qd2 a4 10. Nh2 a3 11. b3 Qa5 12. h5 e5 13. Bg5 Be6 14. hxg6 hxg6 15. Nf3
Nbd7 16. Bh6 Bxh6 17. Rxh6 Kg7 18. Rh4 Rh8 19. g3 Rxh4 20. gxh4 Rh8 21. O-O-O
b5 22. cxb5 cxb5 23. Nxb5 Rc8+ 24. Kb1 Qb6 25. Nxd6 Qxd6 26. dxe5 Qxd2 27.
exf6+ Nxf6 28. Nxd2 Nd5 29. Bc4 Nc3+ 30. Kc2 Nxd1 31. Kxd1 Kf6 32. Kc2 Rh8 33.
Nf3 Rc8 34. Nd2 Rh8 35. Nf3 Rc8 36. Kc3 Bxc4 37. bxc4 Rb8 38. c5 Rb2 39. c6 Ke7
40. Ne5 Kd8 41. Nxg6 Rxa2 42. Kb3 Rxf2 43. Kxa3 Rf3 44. Kb4 Rxe3 1/2-1/2

[Event "Principal 2021/2022"]
[Site "Vitrolles"]
[Date "2021.02.10"]
[Round "2.5"]
[White "Anton, Jose"]
[Black "Busson, Benoit"]
[Result "1-0"]
[WhiteElo "1795"]
[BlackElo "1839"]
[PlyCount "87"]

1. e4 e5 2. d4 exd4 3. Qxd4 Nc6 4. Qe3 Nf6 5. Nc3 Bb4 6. Bd2 O-O 7. O-O-O Re8
8. Qg3 Nxe4 9. Nxe4 Rxe4 10. c3 Be7 11. f4 Bh4 12. Qf3 Re8 13. Bd3 d5 14. g4 h6
15. Bc2 f5 16. gxf5 d4 17. Ne2 Qf6 18. Qh5 Bd7 19. Nxd4 Nxd4 20. cxd4 Bf2 21.
Bc3 Be3+ 22. Kb1 Bxf4 23. Rhg1 Re7 24. Qg4 Bd6 25. Qh3 Re2 26. Qf3 Rxh2 27. Rg6
Rxc2 28. Rxf6 Rxc3 29. Qd5+ Kh8 30. Rxd6 cxd6 31. bxc3 Rf8 32. Rf1 Bc6 33. Qxd6
Rf6 34. Qb8+ Kh7 35. Qxa7 Be4+ 36. Kb2 Ra6 37. Qc5 Bd3 38. Rg1 Rc6 39. Qb4 Rc7
40. Qb6 Rf7 41. Qg6+ Kg8 42. Qxh6 Bxf5 43. Qg5 g6 44. Re1 1-0

[Event "Principal 2021/2022"]
[Site "Vitrolles"]
[Date "2021.02.10"]
[Round "3.1"]
[White "Baroyan, Davit"]
[Black "Bouton, Come"]
[Result "0-1"]
[WhiteElo "2186"]
[BlackElo "1864"]
[PlyCount "68"]

1. d4 Nf6 2. c4 e6 3. Nc3 Bb4 4. Qc2 O-O 5. Nf3 b6 6. e4 d5 7. e5 Ne4 8. Bd3
Bb7 9. O-O Bxc3 10. bxc3 Nd7 11. cxd5 exd5 12. c4 f5 13. Qb3 Nb8 14. Ne1 Nc6
15. Qb2 Na5 16. cxd5 Bxd5 17. Nc2 Nc4 18. Bxc4 Bxc4 19. Re1 Bd5 20. Ne3 f4 21.
Nxd5 Qxd5 22. Qe2 Ng5 23. Ba3 Rfe8 24. Rac1 Qxd4 25. Rxc7 Rac8 26. Rxc8 Rxc8
27. e6 f3 28. gxf3 Qc3 29. Rc1 Nh3+ 30. Kf1 Qxc1+ 31. Bxc1 Rxc1+ 32. Qe1 Rxe1+
33. Kxe1 Nf4 34. e7 Kf7 0-1

[Event "Principal 2021/2022"]
[Site "Vitrolles"]
[Date "2021.02.10"]
[Round "3.2"]
[White "Grezes, Yves"]
[Black "Derige Kane, Yan"]
[Result "0-1"]
[WhiteElo "1876"]
[BlackElo "2193"]
[PlyCount "94"]

1. e4 c5 2. Nf3 Nc6 3. d4 cxd4 4. Nxd4 Nf6 5. Nc3 e5 6. Ndb5 d6 7. Bg5 a6 8.
Na3 b5 9. Nd5 Be7 10. Nxe7 Nxe7 11. Bxf6 gxf6 12. Be2 Bb7 13. O-O Bxe4 14. Bf3
Bxf3 15. Qxf3 f5 16. c4 O-O 17. Rfd1 Qd7 18. Qg3+ Ng6 19. cxb5 d5 20. Qb3 d4
21. b6 Kh8 22. Nc4 Rab8 23. Rac1 Qd5 24. Nd2 Qxb3 25. Nxb3 Rxb6 26. g3 f4 27.
Rc5 fxg3 28. hxg3 Kg7 29. Ra5 Rc8 30. Rd2 Rbc6 31. Ra3 h5 32. Kg2 h4 33. Na5
Rc2 34. Rad3 hxg3 35. fxg3 R8c7 36. Nb3 f5 37. Nxd4 exd4 38. Rxd4 Kf6 39. Kf3
Kg5 40. a3 Ne5+ 41. Ke2 Rc1 42. Rd1 Rxd1 43. Kxd1 Rd7 44. Rxd7 Nxd7 45. Ke2 Kg4
46. Kf2 Nc5 47. b4 Ne4+ 0-1

[Event "Principal 2021/2022"]
[Site "Vitrolles"]
[Date "2021.02.10"]
[Round "3.3"]
[White "Urcun, Gael"]
[Black "Anton, Jose"]
[Result "0-1"]
[WhiteElo "1778"]
[BlackElo "1795"]
[PlyCount "85"]

1. e4 c5 2. Nc3 Nc6 3. g3 g6 4. Bg2 Bg7 5. d3 d6 6. Be3 e5 7. Qd2 Nge7 8. Bh6
Bxh6 9. Qxh6 Nd4 10. O-O-O b5 11. Nd5 Nxd5 12. exd5 Bg4 13. f3 Bd7 14. Qg7 Rf8
15. Qh6 Qa5 16. Kb1 b4 17. Qe3 Nxc2 18. Kxc2 Qxa2 19. Qc1 Ba4+ 20. Kd2 Bxd1 21.
Kxd1 Qxd5 22. Qc2 b3 23. Qe2 Rc8 24. f4 Qd4 25. Nf3 Qa4 26. Ke1 f6 27. Kf2 Kf7
28. Nd2 Qd4+ 29. Kf1 exf4 30. Qf3 Rce8 31. Qd5+ Qxd5 32. Bxd5+ Kg7 33. gxf4 Re7
34. Ne4 Rd8 35. h4 f5 36. Ng5 Rde8 37. Nf3 Re3 38. h5 Rxd3 39. Bc6 Rd1+ 40. Kg2
Re2+ 41. Kg3 Rxh1 42. hxg6 hxg6 43. Ng5 0-1

[Event "Principal 2021/2022"]
[Site "Vitrolles"]
[Date "2021.02.10"]
[Round "3.4"]
[White "Rasolo, Loick"]
[Black "Bohli, Adam"]
[Result "1-0"]
[WhiteElo "1971"]
[BlackElo "1839"]
[PlyCount "104"]

1. e4 e5 2. Nf3 Nc6 3. d4 exd4 4. Bc4 Nf6 5. O-O Nxe4 6. Re1 d5 7. Bxd5 Qxd5 8.
Nc3 Qd7 9. Nxd4 Be7 10. Bg5 O-O 11. Bxe7 Qxe7 12. Nxe4 Bd7 13. Nb3 Rad8 14.
Nec5 Be6 15. Qe2 Nd4 16. Nxd4 Rxd4 17. Nxe6 Qxe6 18. Qxe6 fxe6 19. Re2 Rfd8 20.
f3 Kf7 21. Rae1 R8d6 22. Kf2 Ra4 23. a3 Rb6 24. c3 Rh4 25. h3 Rh5 26. Rd1 Rd5
27. Rdd2 Kf6 28. c4 Rc5 29. Re4 Rb3 30. Ke2 a6 31. Kd1 b5 32. cxb5 axb5 33. Rc2
Rd5+ 34. Kc1 Rbd3 35. Rce2 e5 36. f4 Rc5+ 37. Kb1 Rdd5 38. Ka2 h5 39. Kb3 Kf5
40. fxe5 Rxe5 41. Rxe5+ Rxe5 42. Rxe5+ Kxe5 43. Kb4 c6 44. Kc5 Kf4 45. Kxc6 Kg3
46. Kxb5 g5 47. a4 Kxg2 48. a5 Kxh3 49. a6 g4 50. a7 g3 51. a8=Q h4 52. Qh1+
Kg4 1-0

[Event "Principal 2021/2022"]
[Site "Vitrolles"]
[Date "2021.02.10"]
[Round "3.5"]
[White "Busson, Benoit"]
[Black "Emilbekov, Bektogul"]
[Result "1-0"]
[WhiteElo "1839"]
[BlackElo "1774"]
[PlyCount "99"]

1. e4 c6 2. Nf3 d5 3. Nc3 Bg4 4. h3 Bxf3 5. Qxf3 e6 6. d4 Nf6 7. Bg5 Be7 8. e5
Nfd7 9. Bxe7 Qxe7 10. Qg3 O-O 11. O-O-O a6 12. f4 f5 13. Qf3 c5 14. Nxd5 Qd8
15. Nc3 Nc6 16. dxc5 Qe7 17. Qd3 Nxc5 18. Qd6 Rfd8 19. Qxe7 Rxd1+ 20. Kxd1 Nxe7
21. b4 Rd8+ 22. Kc1 Nd7 23. Bc4 Nf8 24. Ne2 Rc8 25. Bb3 Kf7 26. Rd1 Nc6 27. a3
Ke7 28. h4 g6 29. Kb2 Rd8 30. Rxd8 Kxd8 31. Kc3 Kd7 32. Nc1 Ke7 33. Nd3 Nd7 34.
a4 b6 35. b5 axb5 36. axb5 Na5 37. Ba2 Nb7 38. Nb4 Ndc5 39. Kd4 Kd7 40. c3 Kc7
41. Nc2 Na5 42. Ne3 Kd7 43. Nc2 Nab7 44. Ne1 Ne4 45. Nf3 h6 46. Bc4 Nbc5 47.
Be2 h5 48. Ng5 Nxg5 49. hxg5 Ke7 50. Bxh5 1-0

[Event "Principal 2021/2022"]
[Site "Vitrolles"]
[Date "2021.02.10"]
[Round "4.1"]
[White "Derige Kane, Yan"]
[Black "Rasolo, Loick"]
[Result "1-0"]
[WhiteElo "2168"]
[BlackElo "1979"]
[PlyCount "95"]

1. d4 Nf6 2. Bg5 c5 3. d5 Ne4 4. h4 d6 5. Nd2 Nxg5 6. hxg5 e6 7. g6 fxg6 8. c4
Be7 9. Qc2 O-O 10. Ngf3 Bf6 11. e3 Na6 12. a3 Qa5 13. O-O-O Bd7 14. Ne4 Ba4 15.
Nxf6+ Rxf6 16. b3 Bd7 17. Kb2 e5 18. Ng5 Raf8 19. f3 h6 20. Ne4 Qd8 21. Nxf6+
Qxf6 22. Ka2 Nc7 23. Bd3 Bf5 24. Bxf5 gxf5 25. Rdg1 Qg5 26. Qf2 Ne8 27. Rh3 e4
28. f4 Qg6 29. Rg3 Qf7 30. Rh1 Nf6 31. Rxh6 Ng4 32. Rxg4 fxg4 33. Rxd6 Qh5 34.
Qb2 Rf7 35. Re6 Qh1 36. Rxe4 Qg1 37. Re8+ Rf8 38. Rxf8+ Kxf8 39. Qd2 g3 40. Kb2
Qf2 41. Kc2 Ke7 42. e4 Kd6 43. e5+ Kd7 44. d6 a6 45. e6+ Kxe6 46. d7 Qxd2+ 47.
Kxd2 Kxd7 48. Ke3 1-0

[Event "Principal 2021/2022"]
[Site "Vitrolles"]
[Date "2021.02.10"]
[Round "4.2"]
[White "Bouton, Come"]
[Black "Bohli, Adam"]
[Result "1/2-1/2"]
[WhiteElo "1881"]
[BlackElo "1778"]
[PlyCount "87"]

1. e4 c6 2. d4 d5 3. Nd2 dxe4 4. Nxe4 Bf5 5. Ng3 Bg6 6. h4 h6 7. Nf3 e6 8. h5
Bh7 9. Bd3 Bxd3 10. Qxd3 Nf6 11. Bd2 c5 12. O-O-O Nc6 13. Be3 Qb6 14. dxc5 Bxc5
15. Bxc5 Qxc5 16. Ne4 Nxe4 17. Qxe4 Qxf2 18. g4 Qc5 19. Rhg1 Ke7 20. Kb1 Rad8
21. Rde1 Qd5 22. Qf4 f6 23. Nh4 Kf7 24. a3 Qd4 25. Qf3 Qd5 26. Qe2 Rhe8 27. Ng6
Nd4 28. Qf2 Nc6 29. Qe2 e5 30. Ref1 Nd4 31. Qe3 e4 32. g5 Nf3 33. gxh6 Nd2+ 34.
Ka1 Nxf1 35. Rxf1 Qxh5 36. Nf4 Qxh6 37. Qb3+ Kf8 38. Ne6+ Rxe6 39. Qxe6 e3 40.
Re1 Re8 41. Qd5 e2 42. Qc5+ Kg8 43. Qc4+ Kh8 44. Rxe2 1/2-1/2

[Event "Principal 2021/2022"]
[Site "Vitrolles"]
[Date "2021.02.10"]
[Round "4.4"]
[White "Baroyan, Davit"]
[Black "Busson, Benoit"]
[Result "1-0"]
[WhiteElo "2166"]
[BlackElo "1836"]
[PlyCount "139"]

1. d4 Nf6 2. Nf3 c5 3. g3 cxd4 4. Nxd4 e5 5. Nf3 e4 6. Nd4 Bc5 7. Bg2 Qb6 8. e3
Nc6 9. Nb3 Bb4+ 10. Bd2 d5 11. Bxb4 Qxb4+ 12. Qd2 Qe7 13. Nc3 Be6 14. Ne2 O-O
15. O-O Rfd8 16. Nbd4 Rac8 17. Rac1 Nxd4 18. Qxd4 Qc5 19. Rfd1 Bg4 20. Qxc5
Rxc5 21. Rd2 Bxe2 22. Rxe2 Kf8 23. Rd2 Ke7 24. f3 Ra5 25. a3 Ra4 26. Rcd1 Rc4
27. fxe4 Nxe4 28. Rxd5 Rxd5 29. Rxd5 Nf6 30. Ra5 Rxc2 31. Rxa7 Rxb2 32. Rxb7+
Rxb7 33. Bxb7 Kd6 34. Ba6 Ng4 35. e4 Kc5 36. Kg2 Ne5 37. Kf2 Kd4 38. Bb7 f6 39.
h3 h6 40. a4 Nc4 41. Bd5 Nd6 42. g4 g5 43. Kf3 Kc5 44. Ke3 Nc8 45. a5 Na7 46.
a6 Nb5 47. Kd3 Na7 48. Bb7 Nb5 49. e5 fxe5 50. Ke4 Kd6 51. Kf5 Na7 52. Kg6 Ke7
53. Kxh6 Kf6 54. Be4 Nb5 55. Kh7 Kf7 56. Bd5+ Kf6 57. Kg8 Na7 58. Kf8 Nb5 59.
Be4 Na7 60. Ke8 Ke6 61. Bf5+ Kd6 62. Kf7 e4 63. Bxe4 Ke5 64. Bf5 Kf4 65. Kf6
Nb5 66. Bd7 Nc7 67. a7 Nd5+ 68. Kg6 Nb6 69. Bc6 Kg3 70. Kxg5 1-0

[Event "Principal 2021/2022"]
[Site "Vitrolles"]
[Date "2021.02.10"]
[Round "4.5"]
[White "Emilbekov, Bektogul"]
[Black "Urcun, Gael"]
[Result "1-0"]
[WhiteElo "1779"]
[BlackElo "1764"]
[PlyCount "65"]

1. d4 Nf6 2. Nf3 e6 3. e3 b6 4. Bd3 Bb7 5. Nbd2 d5 6. O-O Be7 7. Ne5 O-O 8. f4
c5 9. c3 Qc8 10. Qf3 Ba6 11. c4 Bb7 12. Qh3 Ne4 13. dxc5 Bxc5 14. b3 f6 15. Ng4
Qd7 16. Bb2 h6 17. Rad1 Qf7 18. cxd5 Nxd2 19. dxe6 Qe7 20. Rxd2 Nc6 21. Bf5
Rfd8 22. Re2 Ba6 23. Qh5 Bxe2 24. Qg6 Kf8 25. Qh7 Qe8 26. Nxf6 Bxe3+ 27. Kh1
Bxf1 28. Qg8+ Ke7 29. Qxg7+ Kd6 30. Nxe8+ Rxe8 31. Ba3+ Nb4 32. Bxb4+ Kc6 33.
Qd7# 1-0

[Event "Principal 2021/2022"]
[Site "Vitrolles"]
[Date "2021.10.02"]
[Round "5.1"]
[White "Bohli, Adam"]
[Black "Derige Kane, Yan"]
[Result "0-1"]
[WhiteElo "1778"]
[BlackElo "2168"]
[PlyCount "44"]

1. e4 c5 2. Nf3 Nc6 3. d4 cxd4 4. Nxd4 Nf6 5. Nc3 d6 6. Bg5 e6 7. Qd2 a6 8. Be2
Be7 9. O-O Bd7 10. a4 Rc8 11. Be3 Ne5 12. b3 d5 13. f4 Bb4 14. fxe5 Bxc3 15.
Qd3 dxe4 16. Qd1 Nd5 17. Nf5 O-O 18. Bh5 Nxe3 19. Nxe3 Bxe5 20. Rxf7 Qb6 21.
Qxd7 Qxe3+ 22. Kh1 Bxa1 0-1

[Event "Principal 2021/2022"]
[Site "Vitrolles"]
[Date "2021.10.02"]
[Round "5.2"]
[White "Busson, Benoit"]
[Black "Bouton, Come"]
[Result "1-0"]
[WhiteElo "1836"]
[BlackElo "1881"]
[PlyCount "63"]

1. e4 c5 2. b4 cxb4 3. a3 d5 4. exd5 Qxd5 5. Nf3 e5 6. axb4 Bxb4 7. c3 Be7 8.
Na3 Nc6 9. Nb5 Qd8 10. d4 Bg4 11. d5 a6 12. Qa4 Bxf3 13. gxf3 Rb8 14. dxc6 axb5
15. Bxb5 bxc6 16. Bxc6+ Kf8 17. O-O Nf6 18. f4 h5 19. fxe5 Ng4 20. Ba3 Kg8 21.
Rad1 Qc7 22. Bd6 Bxd6 23. exd6 Qd8 24. Qf4 Rh6 25. Rfe1 Qb6 26. d7 Rd8 27. Re8+
Kh7 28. Be4+ f5 29. Qxf5+ Rg6 30. Qxg6+ Qxg6 31. Bxg6+ Kxg6 32. Rxd8 1-0

[Event "Principal 2021/2022"]
[Site "Vitrolles"]
[Date "2021.10.02"]
[Round "5.3"]
[White "Rasolo, Loick"]
[Black "Anton, Jose"]
[Result "0-1"]
[WhiteElo "1979"]
[BlackElo "1816"]
[PlyCount "110"]

1. e4 c5 2. Nf3 Nc6 3. Bc4 Nf6 4. Qe2 e6 5. Nc3 d6 6. d3 Be7 7. a4 O-O 8. Ba2
Nd4 9. Nxd4 cxd4 10. Nb5 Qa5+ 11. c3 dxc3 12. Nxc3 Bd7 13. O-O Rac8 14. Bd2 Qh5
15. Qxh5 Nxh5 16. Rfc1 a6 17. Bb3 Nf6 18. f3 Bd8 19. a5 Bc6 20. d4 Be7 21. d5
Bd7 22. Be3 h6 23. dxe6 Bxe6 24. Bxe6 fxe6 25. Rd1 Rfd8 26. Rac1 Kf7 27. f4 Nd7
28. f5 Nc5 29. Bxc5 Rxc5 30. fxe6+ Kxe6 31. Rd5 Bf6 32. Rxc5 dxc5 33. Na4 Rc8
34. Kf2 Bd4+ 35. Ke2 Rc6 36. Kd3 Ke5 37. g3 g6 38. Rc4 h5 39. h3 g5 40. b4 Rf6
41. Nxc5 Rf3+ 42. Ke2 Re3+ 43. Kd2 Rxg3 44. Nxb7 Kxe4 45. Nd6+ Ke5 46. Rxd4
Rxh3 47. Nb5 axb5 48. Rd8 Rb3 49. a6 Ra3 50. Ra8 Kf4 51. a7 Kg4 52. Ke2 h4 53.
Kf2 h3 54. Rb8 Rxa7 55. Rxb5 Ra2+ 0-1

[Event "Principal 2021/2022"]
[Site "Vitrolles"]
[Date "2021.10.02"]
[Round "5.4"]
[White "Urcun, Gael"]
[Black "Baroyan, Davit"]
[Result "0-1"]
[WhiteElo "1764"]
[BlackElo "2166"]
[PlyCount "116"]

1. e4 c5 2. Nc3 Nc6 3. g3 g6 4. Bg2 Bg7 5. d3 d6 6. Be3 Nf6 7. h3 O-O 8. f4 Rb8
9. Nf3 b5 10. O-O b4 11. Ne2 a5 12. g4 a4 13. f5 Ba6 14. Rf2 c4 15. Nf4 Re8 16.
g5 Nd7 17. d4 c3 18. b3 Bb7 19. Qd3 e5 20. fxe6 fxe6 21. d5 Nce5 22. Nxe5 Nxe5
23. Qd1 Qxg5 24. dxe6 Bxe4 25. Nd5 Nf3+ 26. Qxf3 Bxf3 27. Bxg5 Bxg2 28. Kxg2
Rxe6 29. Ne7+ Kh8 30. Nc6 Rb6 31. Nd8 Re8 32. Nf7+ Kg8 33. Nh6+ Kh8 34. Raf1
Rb5 35. h4 Rd5 36. Ng4 Rd4 37. Kg3 h5 38. Nf6 Ra8 39. Rf4 Rd2 40. R1f2 axb3 41.
axb3 Rb8 42. R4f3 Rd4 43. Re3 Rf8 44. Re8 d5 45. Rxf8+ Bxf8 46. Ne8 Kg8 47.
Nf6+ Kh8 48. Nd7 Bd6+ 49. Kh3 Rd1 50. Kg2 d4 51. Bh6 d3 52. Rf7 d2 53. Nf6 Rg1+
54. Kxg1 d1=Q+ 55. Kg2 Qe2+ 56. Kg1 Bc5+ 57. Kh1 Qf1+ 58. Kh2 Bd6+ 0-1

[Event "Principal 2021/2022"]
[Site "Vitrolles"]
[Date "2021.10.02"]
[Round "5.5"]
[White "Grezes, Yves"]
[Black "Emilbekov, Bektogul"]
[Result "0-1"]
[WhiteElo "1860"]
[BlackElo "1779"]
[PlyCount "64"]

1. e4 d6 2. d4 Nf6 3. Bd3 Nc6 4. c3 e5 5. d5 Ne7 6. Ne2 g6 7. O-O Bg7 8. f3 O-O
9. Be3 Kh8 10. c4 Nd7 11. Nbc3 f5 12. Rc1 f4 13. Bf2 g5 14. b4 b6 15. c5 bxc5
16. bxc5 Nxc5 17. Bxc5 dxc5 18. Na4 g4 19. Nxc5 gxf3 20. Rxf3 Rf6 21. Bb5 Bg4
22. Rf2 c6 23. Nb7 Qb6 24. dxc6 f3 25. Nd4 exd4 26. Qd3 Nxc6 27. Nc5 Ne5 28.
Qb3 Rd8 29. h3 Bh5 30. g4 Bf7 31. Qa4 Bh6 32. Rcc2 d3 0-1

[Event "Principal 2021/2022"]
[Site "Vitrolles"]
[Date "2021.02.10"]
[Round "6.1"]
[White "Bouton, Come"]
[Black "Derige Kane, Yan"]
[Result "0-1"]
[WhiteElo "1853"]
[BlackElo "2148"]
[PlyCount "74"]

1. e4 Nc6 2. Nf3 e6 3. d4 d5 4. e5 f6 5. Bd3 Bd7 6. exf6 Qxf6 7. c3 Bd6 8. O-O
Nge7 9. Re1 O-O-O 10. b4 Rdf8 11. b5 Nd8 12. a4 Nf7 13. a5 g5 14. b6 a6 15. Qe2
Ng6 16. c4 g4 17. Nfd2 Nf4 18. Qe3 Nxd3 19. Qxd3 Ne5 20. Qe2 Nd3 21. Rf1 Qxd4
22. Nb3 Qe5 23. Qxe5 Bxe5 24. Ra2 dxc4 25. N3d2 Nb4 26. Ra3 Bb5 27. Nc3 Bxc3
28. Rxc3 Nd5 29. Bb2 Nxc3 30. Bxc3 Rhg8 31. Re1 cxb6 32. axb6 Rd8 33. f3 gxf3
34. Ne4 Rxg2+ 35. Kh1 Bc6 36. Bf6 Bxe4 37. Bxd8 f2 0-1

[Event "Principal 2021/2022"]
[Site "Vitrolles"]
[Date "2021.02.10"]
[Round "6.2"]
[White "Anton, Jose"]
[Black "Bohli, Adam"]
[Result "1/2-1/2"]
[WhiteElo "1823"]
[BlackElo "1755"]
[PlyCount "41"]

1. e4 c6 2. d4 d5 3. exd5 cxd5 4. c4 Nf6 5. Nc3 g6 6. Nf3 Bg7 7. c5 Nc6 8. Bb5
O-O 9. Bxc6 bxc6 10. Ne5 Qc7 11. O-O Nd7 12. f4 f6 13. Nf3 e5 14. dxe5 fxe5 15.
Nxd5 Qd8 16. fxe5 Nxe5 17. Nc3 Nxf3+ 18. Rxf3 Qxd1+ 19. Nxd1 Rxf3 20. gxf3 Rb8
21. Bd2 1/2-1/2

[Event "Principal 2021/2022"]
[Site "Vitrolles"]
[Date "2021.02.10"]
[Round "6.4"]
[White "Emilbekov, Bektogul"]
[Black "Rasolo, Loick"]
[Result "0-1"]
[WhiteElo "1818"]
[BlackElo "1960"]
[PlyCount "110"]

1. d4 Nf6 2. Nd2 d6 3. e4 Nbd7 4. Ngf3 c6 5. Bd3 e5 6. c3 g6 7. O-O Bg7 8. Nc4
Qc7 9. dxe5 dxe5 10. b4 O-O 11. h3 b6 12. Be3 Bb7 13. Qc2 Rad8 14. Rfd1 Rfe8
15. Rd2 c5 16. b5 Nf8 17. Rad1 h6 18. Qb1 Nh5 19. Bf1 Rxd2 20. Rxd2 Ba8 21. Nh2
Ne6 22. g3 Rf8 23. Rd6 Rd8 24. Rxd8+ Qxd8 25. Ng4 f5 26. Ngxe5 Bxe4 27. Qc1 Kh7
28. Qd2 Qc7 29. f4 Nxg3 30. Bg2 g5 31. Bxe4 Nxe4 32. Qd5 Qe7 33. Nd7 Qf7 34.
Nce5 Bxe5 35. Nxe5 Qf8 36. Qd7+ Qg7 37. Qxe6 gxf4+ 38. Kf1 Ng3+ 39. Kf2 fxe3+
40. Kxe3 Qg5+ 41. Kf3 Nh5 42. Qf7+ Ng7 43. Nd7 Qh5+ 44. Qxh5 Nxh5 45. Ne5 Nf6
46. Nc6 Ne4 47. c4 Nd2+ 48. Kf4 Nxc4 49. Nxa7 Kg6 50. a4 Kf6 51. h4 Nb2 52. a5
bxa5 53. b6 Nd3+ 54. Ke3 Nb4 55. Nb5 Nd5+ 0-1

[Event "Principal 2021/2022"]
[Site "Vitrolles"]
[Date "2021.02.10"]
[Round "6.5"]
[White "Busson, Benoit"]
[Black "Urcun, Gael"]
[Result "1-0"]
[WhiteElo "1845"]
[BlackElo "1753"]
[PlyCount "63"]

1. e4 c6 2. d4 d5 3. f3 e6 4. Nc3 Bb4 5. a3 Bxc3+ 6. bxc3 dxe4 7. Qe2 exf3 8.
Nxf3 Nd7 9. Qf2 Ngf6 10. Bd3 O-O 11. Qh4 Qa5 12. O-O Qh5 13. Qg3 c5 14. h3 cxd4
15. cxd4 Kh8 16. Rb1 b6 17. c4 Ba6 18. Nd2 Rac8 19. Rf4 g5 20. Rxf6 Nxf6 21.
Qe5 Qd1+ 22. Kh2 Rg8 23. Qxf6+ Rg7 24. d5 g4 25. Qxg7+ Kxg7 26. Bb2+ f6 27.
Rxd1 exd5 28. Rc1 gxh3 29. Kxh3 Re8 30. Rf1 Rc8 31. Bxf6+ Kh6 32. Rf4 1-0

[Event "Principal 2021/2022"]
[Site "Vitrolles"]
[Date "2021.10.02"]
[Round "7.1"]
[White "Derige Kane, Yan"]
[Black "Anton, Jose"]
[Result "1-0"]
[WhiteElo "2157"]
[BlackElo "1823"]
[PlyCount "63"]

1. d4 d5 2. c4 Nc6 3. cxd5 Qxd5 4. e3 e5 5. Nc3 Bb4 6. Bd2 Bxc3 7. bxc3 Nf6 8.
Nf3 e4 9. c4 Qd6 10. Ng1 O-O 11. Ne2 b6 12. Ng3 Re8 13. Be2 a5 14. O-O Ba6 15.
Rc1 Qa3 16. f3 Nb4 17. fxe4 Nxa2 18. Ra1 Qb2 19. Rb1 Qa3 20. e5 Nd7 21. Ra1 Qb2
22. Bd3 g6 23. Rf2 Nxe5 24. Rb1 Qa3 25. Rb3 Qa4 26. dxe5 Rad8 27. Qb1 Rxe5 28.
Nf1 Rc5 29. Be1 Nb4 30. Bxb4 axb4 31. Ra2 Bxc4 32. Rxa4 1-0